Struggle for honour / (Record no. 81104)
[ view plain ]
| 000 -LEADER | |
|---|---|
| fixed length control field | 00518nam a22001817a 4500 |
| 005 - DATE AND TIME OF LATEST TRANSACTION | |
| control field | 20230711145452.0 |
| 010 ## - LCCN (DPL NO) | |
| LC control number | ENG-108757 ENG-137356 |
| 020 ## - INTERNATIONAL STANDARD BOOK NUMBER | |
| Terms of availability | 350.00 |
| International Standard Book Number | 9781908357205 |
| 035 ## - SYSTEM CONTROL NUMBER | |
| System control number | EN-92290 EN-120888 |
| 037 ## - SOURCE OF ACQUISITION | |
| Source of stock number/acquisition | DBAD/PUB |
| 082 ## - DEWEY DECIMAL CLASSIFICATION NUMBER | |
| Classification number | N |
| 100 ## - MAIN ENTRY--PERSONAL NAME | |
| Personal name | Kussa, Shivcharan Jaggi |
| 245 ## - TITLE STATEMENT | |
| Title | Struggle for honour / |
| Statement of responsibility, etc | by Shivcharan Jaggi Kussa |
| 260 ## - PUBLICATION, DISTRIBUTION, ETC. (IMPRINT) | |
| Place of publication, distribution, etc | New Delhi |
| Name of publisher, distributor, etc | Star Publications |
| Date of publication, distribution, etc | 2013 |
| 270 ## - ADDRESS | |
| Address | 4/5B, Asaf Ali Road |
| City | Delhi |
| Postal code | 110002 |
| 300 ## - PHYSICAL DESCRIPTION | |
| Extent | 288p. |
| Dimensions | 23cm(Hb) |
| 942 ## - ADDED ENTRY ELEMENTS (KOHA) | |
| Source of classification or shelving scheme | Dewey Decimal Classification |
| Item type | English Books |
| Call number suffix | KUS |
| Classification part | N |
| Withdrawn status | Lost status | Not for loan | Collection code | Home library | Current library | Date acquired | Source of acquisition | Cost, normal purchase price | Full call number | Barcode | Copy number | Cost, replacement price | Koha item type |
|---|---|---|---|---|---|---|---|---|---|---|---|---|---|
| Not For Loan | Fiction | D.B.Act.Division | D.B.Act.Division | 06/12/2013 | DBAD/PUB | 350.00 | N KUS | EN-92290 | 1 | 350.00 | English Books | ||
| Fiction | Narela | Narela | 11/07/2023 | DBAD/PUB | 350.00 | N KUS | EN-120888 | 1 | 350.00 | English Books |
